[Event "17th ECI tournament, junior tournament"]
[Site "Sas van Gent"]
[Date "1990.08.??"]
[Round "1"]
[White "De Groeve, Michel"]
[Black "de Jager, Jaap"]
[Result "0-1"]
[WhiteElo "1800"]
[BlackElo "2136"]
[EventDate "1990.08.09"]
[Source "17e internationaal ECI-schaaktoernooi, Sas van Gent 1990"]

1.c4 Nf6 2.Nc3 c6 3.d3 d5 4.cxd5 cxd5 5.e3 Nc6 6.Nf3 e5 7.g3 Bd6 8.e4 O-O 
9.Bg2 Bb4 10.O-O Qa5 11.Bd2 d4 12.Ne2 Ne8 13.a3 Bxd2 14.Nxd2 Be6 15.Kh1 
Nd6 16.f4 f6 17.f5 Bf7 18.Ng1 Qd8 19.Rf2 g5 20.g4 Kg7 21.Nf1 a5 22.Ng3 a4 
23.Nf3 h6 24.Bf1 Bb3 25.Qe1 Rc8 26.Be2 Qb6 27.Bd1 Na5 28.Nh5+ Kf7 29.Qf1 
Rc5 30.Qh3 Ke7 31.Ng7 Nf7 32.Bxb3 Nxb3 33.Rd1 Rfc8 34.Qg2 Qb5 35.Ne1 Rc1 
36.Rxc1 Rxc1 37.Qf1 Qa5 38.Re2 Rd1 39.Ne6 Nc1 40.Rc2 Rxe1 41.Rxc1 Rxf1+ 
42.Rxf1 Qd2 43.Rg1 Qxd3 44.Re1 Qf3+ 0-1

[Event "17th ECI tournament, junior tournament"]
[Site "Sas van Gent"]
[Date "1990.08.??"]
[Round "2"]
[White "Adamson, Robby"]
[Black "Van der Stricht, Geert"]
[Result "1-0"]
[WhiteElo "2301"]
[BlackElo "2210"]
[EventDate "1990.08.09"]
[Source "17e internationaal ECI-schaaktoernooi, Sas van Gent 1990"]

1.e4 c5 2.c3 d5 3.exd5 Qxd5 4.d4 e6 5.Nf3 Nf6 6.Be2 Nc6 7.O-O Be7 8.Be3 
cxd4 9.cxd4 O-O 10.Nc3 Qd8 11.Rc1 Nb4 12.Ne5 Nbd5 13.Bf3 Nxc3 14.bxc3 Nd5 
15.c4 Nxe3 16.fxe3 Bg5 17.Qe2 Qc7 18.c5 Rb8 19.Be4 f6 20.h4 fxe5 21.Bxh7+ 
Kxh7 22.Rxf8 Bh6 23.h5 e4 24.Qg4 Bxe3+ 25.Kh1 g5 26.hxg6+ 1-0

[Event "17th ECI tournament, junior tournament"]
[Site "Sas van Gent"]
[Date "1990.08.??"]
[Round "2"]
[White "Palleja, Xavier"]
[Black "De Groeve, Michel"]
[Result "1-0"]
[WhiteElo "2000"]
[BlackElo "1800"]
[EventDate "1990.08.09"]
[Source "17e internationaal ECI-schaaktoernooi, Sas van Gent 1990"]

1.e4 c5 2.Nf3 Nc6 3.d4 cxd4 4.Nxd4 d6 5.Nc3 a6 6.Bc4 e5 7.Nf3 Nf6 8.Ng5 d5
9.Nxd5 Be6 10.Nxf6+ Qxf6 11.Nxe6 fxe6 12.Be3 Be7 13.Qg4 Kf7 14.O-O g5 15.
f4 exf4 16.Bxf4 Ke8 17.Be3 Qxb2 18.Bxe6 h5 19.Qf5 Rf8 20.Qg6+ Kd8 21.Rad1+
1-0

[Event "17th ECI tournament, junior tournament"]
[Site "Sas van Gent"]
[Date "1990.08.??"]
[Round "3"]
[White "Van der Stricht, Geert"]
[Black "Haimovich, Tal"]
[Result "1-0"]
[WhiteElo "2210"]
[BlackElo "2021"]
[EventDate "1990.08.09"]
[Source "17e internationaal ECI-schaaktoernooi, Sas van Gent 1990"]

1.d4 e6 2.c4 d5 3.Nc3 Nf6 4.cxd5 exd5 5.Bg5 c6 6.e3 Be7 7.Bd3 Nbd7 8.Nf3 
Ne4 9.Bxe7 Qxe7 10.Qc2 f5 11.O-O O-O 12.Rab1 Ng5 13.Nxg5 Qxg5 14.b4 Nf6 
15.f4 Qg6 16.b5 Qe8 17.Rf3 Bd7 18.bxc6 bxc6 19.Na4 g6 20.Nc5 Bc8 21.Bf1 
Ng4 22.Qc3 Rf7 23.h3 Nf6 24.Nd3 Ne4 25.Qa5 Rb7 26.Rxb7 Bxb7 27.Ne5 Qe7 28.
Bd3 c5 29.Rf1 Ng3 30.Rb1 c4 31.Bc2 Nh5 32.Qb5 Rb8 33.Qd7 Qa3 34.Qe6+ Kg7 
35.Nf3 Nf6 36.Ng5 Qf8 37.Qe5 Qe8 38.Ne6+ Kf7 39.Ng5+ Kg7 40.Qc7+ Kg8 41.
Kf2 Ba8 1-0

[Event "17th ECI tournament, junior tournament"]
[Site "Sas van Gent"]
[Date "1990.08.??"]
[Round "3"]
[White "De Groeve, Michel"]
[Black "Jakobczynski, Astrid"]
[Result "0-1"]
[WhiteElo "1800"]
[BlackElo "1800"]
[EventDate "1990.08.09"]
[Source "17e internationaal ECI-schaaktoernooi, Sas van Gent 1990"]

1.c4 Nf6 2.Nc3 e6 3.g3 d5 4.cxd5 exd5 5.d4 Bf5 6.Bg2 c6 7.e3 Bd6 8.Nge2 
Qd7 9.O-O Na6 10.a3 O-O 11.Bd2 Nc7 12.Nc1 Ne6 13.Kh1 Rfe8 14.b4 Ng5 15.Ra2
Bh3 16.f3 Bxg2+ 17.Kxg2 Qh3+ 18.Kg1 Bxg3 19.hxg3 Qxg3+ 20.Kh1 Qh3+ 21.Kg1 
Nh5 22.Rf2 Re6 23.Qf1 Rg6 24.Rg2 Nxf3+ 25.Kf2 Nxd2 26.Qg1 Qf3+ 27.Ke1 Rxg2
0-1

[Event "17th ECI tournament, junior tournament"]
[Site "Sas van Gent"]
[Date "1990.08.??"]
[Round "4"]
[White "Walsh, Christopher"]
[Black "Van der Stricht, Geert"]
[Result "1/2-1/2"]
[WhiteElo "2050"]
[BlackElo "2210"]
[EventDate "1990.08.09"]
[Source "17e internationaal ECI-schaaktoernooi, Sas van Gent 1990"]

1.e4 c5 2.Nf3 d6 3.d4 cxd4 4.Nxd4 Nf6 5.Nc3 a6 6.Be2 e5 7.Nb3 Be7 8.O-O 
O-O 9.Be3 Be6 10.a4 Nc6 11.a5 Rc8 12.Bf3 Bxb3 13.cxb3 Nxa5 14.Nd5 Nxd5 15.
exd5 b5 16.Bd2 Nb7 17.Rxa6 f5 18.b4 e4 19.Be2 Bf6 20.Bxb5 Be5 21.Bc6 Rb8 
22.Bc3 f4 23.Qc2 f3 24.Bxe5 fxg2 25.Re1 dxe5 1/2-1/2

[Event "17th ECI tournament, junior tournament"]
[Site "Sas van Gent"]
[Date "1990.08.??"]
[Round "4"]
[White "Ihonen, Jari"]
[Black "De Groeve, Michel"]
[Result "1-0"]
[WhiteElo "2086"]
[BlackElo "1800"]
[EventDate "1990.08.09"]
[Source "17e internationaal ECI-schaaktoernooi, Sas van Gent 1990"]

1.e4 c5 2.Nf3 Nc6 3.d4 cxd4 4.Nxd4 d6 5.Nc3 e6 6.Be2 Nf6 7.O-O Be7 8.Kh1 
a6 9.a4 Qc7 10.f4 e5 11.Nf3 h6 12.Be3 exf4 13.Bxf4 Be6 14.Nd4 Bd7 15.Be3 
Ne5 16.Nf5 Bxf5 17.exf5 Rd8 18.Qd4 Nc6 19.Qb6 Qxb6 20.Bxb6 Rd7 21.Bf3 Ne5 
22.Bd5 O-O 23.Bb3 Bd8 24.Bg1 Re8 25.Rad1 Bc7 26.Nd5 Nxd5 27.Bxd5 Nc6 28.f6
g6 29.Rfe1 Rdd8 30.Be3 Nb4 31.Bb3 h5 32.g3 Rc8 33.Bf4 Bb8 34.c3 Nc6 35.Kg2
Red8 36.Kg1 Ne5 37.Bd5 b6 38.h3 a5 39.Bb3 Bc7 40.Re3 Kf8 41.Rde1 Rd7 42.
Bh6+ 1-0

[Event "17th ECI tournament, junior tournament"]
[Site "Sas van Gent"]
[Date "1990.08.??"]
[Round "5"]
[White "Van der Stricht, Geert"]
[Black "van der Vorst, Christel"]
[Result "1-0"]
[WhiteElo "2210"]
[BlackElo "1873"]
[EventDate "1990.08.09"]
[Source "17e internationaal ECI-schaaktoernooi, Sas van Gent 1990"]

1.d4 d5 2.c4 e6 3.Nc3 c5 4.cxd5 cxd4 5.Qa4+ Bd7 6.Qxd4 exd5 7.Qxd5 Nc6 8.
Nf3 Nf6 9.Qd1 Bc5 10.e3 Qe7 11.Be2 O-O 12.O-O Rfd8 13.a3 Rac8 14.Bd2 Bd6 
15.Rc1 Bg4 16.Nd4 Ne5 17.Bxg4 Nfxg4 18.h3 Qh4 19.Nf5 Qh5 20.Nxd6 Rxd6 21.
Ne4 Rxc1 22.Qxc1 Rc6 23.Qd1 Qg6 24.Bc3 h6 25.Qd8+ Kh7 26.Qd5 Nf6 27.Nxf6+ 
gxf6 28.Rd1 Qc2 29.Bxe5 fxe5 30.Qxf7+ 1-0

[Event "17th ECI tournament, junior tournament"]
[Site "Sas van Gent"]
[Date "1990.08.??"]
[Round "5"]
[White "Kindt, Manfred"]
[Black "De Groeve, Michel"]
[Result "1-0"]
[WhiteElo "1860"]
[BlackElo "1800"]
[EventDate "1990.08.09"]
[Source "17e internationaal ECI-schaaktoernooi, Sas van Gent 1990"]

1.e4 c5 2.Nf3 Nc6 3.d3 Nf6 4.g3 d6 5.Bg2 e5 6.O-O Bd7 7.c3 Qc8 8.Re1 Be7 
9.Nbd2 b5 10.Nf1 Bd8 11.Ne3 g6 12.Nd5 O-O 13.Nd2 Re8 14.Qf3 Nxd5 15.exd5 
Ne7 16.Ne4 Nf5 17.h4 Be7 18.Bg5 Qd8 19.g4 f6 20.gxf5 fxg5 21.f6 Kh8 22.
fxe7 Qc7 23.Qf6+ Kg8 24.Nxg5 1-0

[Event "17th ECI tournament, junior tournament"]
[Site "Sas van Gent"]
[Date "1990.08.??"]
[Round "6"]
[White "Van der Stricht, Geert"]
[Black "Roberts, Paul"]
[Result "1-0"]
[WhiteElo "2210"]
[BlackElo "2015"]
[EventDate "1990.08.09"]
[Source "17e internationaal ECI-schaaktoernooi, Sas van Gent 1990"]

1.d4 Nf6 2.c4 e6 3.Nc3 Bb4 4.Qc2 O-O 5.a3 Bxc3+ 6.Qxc3 d6 7.Bg5 Nbd7 8.e3 
b6 9.Bd3 Bb7 10.Nf3 Re8 11.Rd1 e5 12.dxe5 Bxf3 13.Bxf6 Nxf6 14.gxf3 Rxe5 
15.f4 Rh5 16.Be2 Rh3 17.Bf1 Rh4 18.Bg2 Rb8 19.Bc6 Qe7 20.Rd4 Rh3 21.Bg2 
Rh6 22.Bc6 Ng4 23.h3 Nf6 24.Kd1 Qe6 25.Bg2 c5 26.Rd3 b5 27.cxb5 Rxb5 28.
Kc2 Ne4 29.Bxe4 Qxe4 30.Rg1 g6 31.Kc1 d5 32.Rgd1 c4 33.Rd4 Qe6 34.Rxc4 Rb8
35.Rc6 Qd7 36.Rc7 Qd8 37.Qc5 Rxh3 38.Rxd5 Rh1+ 39.Kc2 Qe8 40.Rd4 Rf1 41.
Qe7 Rxf2+ 42.Kc3 Qxe7 43.Rxe7 Rbxb2 44.Rxa7 h5 45.Rb4 Rfc2+ 46.Kd4 Kg7 47.
Rab7 Ra2 48.Ra7 h4 49.Rbb7 Kf6 50.Rxf7+ Ke6 51.Rh7 Kf5 52.Rxh4 Rd2+ 53.Kc3
Re2 54.Ra5+ Kf6 55.Kd3 Rad2+ 56.Ke4 Rd6 57.a4 Re6+ 58.Re5 Ra6 59.a5 Ra2 
60.Rh8 Ra4+ 61.Kf3 R6xa5 62.Rf8+ Kg7 63.Ree8 Rf5 64.Rg8+ Kf7 65.Ref8+ Ke7 
66.Rb8 Kf7 67.Rgc8 Ra7 68.Rb6 Kg7 69.Rcc6 g5 70.Rg6+ Kf7 71.Rxg5 Rxg5 72.
fxg5 1-0

[Event "17th ECI tournament, junior tournament"]
[Site "Sas van Gent"]
[Date "1990.08.??"]
[Round "6"]
[White "De Groeve, Michel"]
[Black "Wuts, Helene"]
[Result "0-1"]
[WhiteElo "1800"]
[BlackElo "1818"]
[EventDate "1990.08.09"]
[Source "17e internationaal ECI-schaaktoernooi, Sas van Gent 1990"]

1.c4 Nf6 2.Nc3 e6 3.g3 Bb4 4.Bg2 O-O 5.e3 c6 6.Nge2 d5 7.cxd5 exd5 8.O-O 
Bd6 9.Qc2 Bg4 10.h3 Be6 11.Nd4 Bd7 12.b3 Qc8 13.Kh2 h5 14.Nf3 Na6 15.a3 
Bf5 16.d3 Nc5 17.Ne1 h4 18.b4 Na6 19.e4 dxe4 20.dxe4 Bg6 21.Nf3 hxg3+ 22.
fxg3 Qc7 23.Kg1 Bxg3 24.Be3 Rfe8 25.Ng5 Nh5 26.Bh1 Rad8 27.Rad1 Qe7 28.Qa2
Nc7 29.Nf3 Ne6 30.Bf2 Qf6 31.e5 Qf5 32.Bd4 Qxh3 33.Rd2 Qg4 34.Bg2 Nxd4 35.
Rfd1 Nxf3+ 36.Bxf3 Rxd2 37.Bxg4 Rxa2 38.Nxa2 Rxe5 39.Rd8+ Kh7 40.Bxh5 Bxh5
0-1

[Event "17th ECI tournament, junior tournament"]
[Site "Sas van Gent"]
[Date "1990.08.??"]
[Round "7"]
[White "Justnes, Arstein"]
[Black "Van der Stricht, Geert"]
[Result "1-0"]
[WhiteElo "2144"]
[BlackElo "2210"]
[EventDate "1990.08.09"]
[Source "17e internationaal ECI-schaaktoernooi, Sas van Gent 1990"]

1.e4 c5 2.Nf3 d6 3.d4 cxd4 4.Nxd4 Nf6 5.Nc3 a6 6.Bc4 e6 7.Bb3 b5 8.Bg5 Be7
9.Qf3 Qb6 10.O-O-O O-O 11.Qg3 b4 12.Na4 Qc7 13.Bh6 Ne8 14.Be3 Bd7 15.f4 
Qa5 16.Nb6 Qxb6 17.Nxe6 Qb7 18.Nxg7 Kh8 19.Nxe8 Bxe8 20.Bd4+ f6 21.e5 dxe5
22.fxe5 Bg6 23.exf6 Bxf6 24.Bxf6+ Rxf6 25.Rd8+ Kg7 26.Rg8+ Kh6 1-0

[Event "17th ECI tournament, junior tournament"]
[Site "Sas van Gent"]
[Date "1990.08.??"]
[Round "7"]
[White "De Groeve, Michel"]
[Black "Harwar, Julie"]
[Result "1/2-1/2"]
[WhiteElo "1800"]
[BlackElo "2090"]
[EventDate "1990.08.09"]
[Source "17e internationaal ECI-schaaktoernooi, Sas van Gent 1990"]

1.c4 g6 2.Nf3 Bg7 3.Nc3 Nf6 4.d4 d6 5.e4 O-O 6.Be2 e5 7.d5 a5 8.h3 Nbd7 9.
Be3 b6 10.Nd2 Nc5 11.a4 Nfd7 12.Nb3 Nxb3 13.Qxb3 f5 14.exf5 gxf5 15.f3 Nc5
16.Qc2 Qe7 17.g4 e4 18.f4 Bd7 19.Nb5 Bxb5 20.cxb5 Rae8 21.Kd2 Kh8 22.Rh2 
Qf7 23.Bc4 Re7 24.Rg1 Rfe8 25.b3 Nd3 26.gxf5 Nb4 27.Qd1 Qf6 28.Rhg2 Qc3+ 
29.Ke2 Nd3 30.Kf1 Nb2 31.Qd2 Qxd2 32.Rxd2 Nxc4 1/2-1/2

[Event "17th ECI tournament, junior tournament"]
[Site "Sas van Gent"]
[Date "1990.08.??"]
[Round "8"]
[White "Van der Stricht, Geert"]
[Black "Strižak, Nataša"]
[Result "1/2-1/2"]
[WhiteElo "2210"]
[BlackElo "2140"]
[EventDate "1990.08.09"]
[Source "17e internationaal ECI-schaaktoernooi, Sas van Gent 1990"]

1.d4 Nf6 2.c4 d6 3.Nf3 c6 4.g3 Nbd7 5.Bg2 e5 6.Nc3 Be7 7.O-O O-O 8.d5 Re8 
9.h3 c5 10.e4 Bf8 11.a3 a5 12.Ne1 g6 13.Qc2 Nb6 14.Nb5 Bd7 15.a4 Bxb5 16.
axb5 Nbd7 17.Nd3 Bg7 18.Bd2 b6 19.Rae1 Ra7 20.Kh2 Nf8 21.f4 N6d7 22.f5 g5 
23.f6 Nxf6 24.Rf5 h6 25.Ref1 Ng6 26.Qd1 Nh7 27.Qh5 Rf8 28.h4 Nf6 29.Qf3 
Nh7 30.Qh5 Nf6 31.Qf3 Nh7 32.hxg5 hxg5 33.Qh5 Qe8 34.Bxg5 f6 35.Bd2 Ne7 
36.Qxe8 Rxe8 37.Rh5 a4 38.Bh3 Nf8 39.Bc1 a3 40.bxa3 Ra4 41.Nf2 1/2-1/2

[Event "17th ECI tournament, junior tournament"]
[Site "Sas van Gent"]
[Date "1990.08.??"]
[Round "8"]
[White "van der Vorst, Christel"]
[Black "De Groeve, Michel"]
[Result "1-0"]
[WhiteElo "1873"]
[BlackElo "1800"]
[EventDate "1990.08.09"]
[Source "17e internationaal ECI-schaaktoernooi, Sas van Gent 1990"]

1.e4 c5 2.c3 Nf6 3.e5 Nd5 4.d4 d6 5.dxc5 dxc5 6.Bc4 e6 7.Nf3 Be7 8.O-O Nc6
9.Qe2 Nb6 10.Bd3 Qc7 11.Re1 Bd7 12.Nbd2 O-O-O 13.a4 a5 14.Nb3 Nd5 15.Bb5 
b6 16.Nbd2 f5 17.Nc4 g5 18.Bxg5 Rde8 19.Bxe7 Rxe7 20.Nfd2 h5 21.h4 Rg7 22.
g3 Qd8 23.Nf3 f4 24.Ng5 Qe7 25.Qe4 Kc7 26.gxf4 Rf8 27.Ne3 Nxf4 28.Ng2 Nd5 
29.Rad1 Rfg8 30.Rd3 Qe8 31.Kh2 Nce7 32.Bxd7 Kxd7 33.c4 Rf8 34.cxd5 exd5 
35.Rxd5+ Nxd5 36.Qxd5+ Kc8 37.Ne6 Rxf2 38.Nxg7 Qxa4 39.Qa8+ Kc7 40.Ne8+ 
Kd7 41.Nf6+ Kc7 42.Nd5+ Kd7 43.Qb7+ Ke6 44.Nc7+ Kf5 45.Qc8+ Kg6 46.Qg8+ 
Kh6 47.Qg5+ Kh7 48.Ne6 Rxg2+ 49.Kxg2 Qc2+ 50.Kg1 1-0

[Event "17th ECI tournament, junior tournament"]
[Site "Sas van Gent"]
[Date "1990.08.??"]
[Round "9"]
[White "Jelen, Igor"]
[Black "Van der Stricht, Geert"]
[Result "1/2-1/2"]
[WhiteElo "2230"]
[BlackElo "2210"]
[EventDate "1990.08.09"]
[Source "17e internationaal ECI-schaaktoernooi, Sas van Gent 1990"]

1.d4 d5 2.c4 c6 3.Nc3 Nf6 4.e3 e6 5.Nf3 Nbd7 6.Bd3 dxc4 7.Bxc4 b5 8.Bd3 a6
9.e4 c5 10.d5 e5 11.O-O c4 12.Bc2 Bd6 13.Qe2 Qc7 14.a4 b4 15.Nd1 a5 16.Ne3
Ba6 17.Nf5 g6 18.Nxd6+ Qxd6 19.Bh6 Ng4 20.Bg5 h6 21.Bc1 h5 22.h3 Ngf6 23.
Ng5 O-O 24.f4 c3 25.Bd3 Bxd3 26.Qxd3 Rac8 27.Qg3 Nh7 28.fxe5 Qxe5 29.Bf4 
Qd4+ 30.Be3 Qe5 31.Bf4 Qd4+ 32.Be3 Qe5 33.Bf4 1/2-1/2